A Suite of Mobile Application Based on RED5 Server (Hard / Soft-copy) (Record no. 196676)

000 -LEADER
fixed length control field 00725 a2200181 4500
003 - CONTROL NUMBER IDENTIFIER
control field Nust
005 - DATE AND TIME OF LATEST TRANSACTION
control field 20170207154319.0
040 ## - CATALOGING SOURCE
Transcribing agency Nust
082 ## - DEWEY DECIMAL CLASSIFICATION NUMBER
Classification number 005.1
100 ## - MAIN ENTRY--PERSONAL NAME
Personal name NC Aleena Khan BESE-14
245 ## - TITLE STATEMENT
Title A Suite of Mobile Application Based on RED5 Server (Hard / Soft-copy)
Statement of responsibility, etc. NC Aleena Khan, NC Muneeb Mohsin, Waseem Anjum Munir
260 ## - PUBLICATION, DISTRIBUTION, ETC.
Place of publication, distribution, etc. MCS
Date of publication, distribution, etc. June 2012
300 ## - PHYSICAL DESCRIPTION
Extent 75 p
505 ## - FORMATTED CONTENTS NOTE
Formatted contents note Introduction (Page-1) Literature Review (Page-6) Software Requirments Specifications (Page-13) Software Design Specification (Page-24) Systems Implemetation (Page-58) Testing and Result Analysis (Page-66) Conclusion and Future Work (Page-73)
538 ## - SYSTEM DETAILS NOTE
System details note Almirah No 71 Shelf No 6
650 ## - SUBJECT ADDED ENTRY--TOPICAL TERM
Topical term or geographic name entry element UG Project
651 ## - SUBJECT ADDED ENTRY--GEOGRAPHIC NAME
Geographic name UG CS Project
942 ## - ADDED ENTRY ELEMENTS (KOHA)
Koha item type
Holdings
Withdrawn status Lost status Source of classification or shelving scheme Damaged status Not for loan Permanent Location Current Location Shelving location Date acquired Full call number Barcode Date last seen Price effective from Koha item type Public note
          Military College of Signals (MCS) Military College of Signals (MCS) Reference 12/12/2016 005.1,KHA MCSPCS-217 12/08/2016 12/12/2016 Project Report Almirah No. 89, Shelf No. 4
© 2023 Central Library, National University of Sciences and Technology. All Rights Reserved.